Nederlandse Atletiekhelden: Herken Jij Ze? (Moeilijk) - Statistics

General Stats
  • This quiz has been taken 6 times
  • The average score is 18 of 40
Answer Stats
Picture Hint Answer % Correct
Polsstokspringen Femke Pluim
80%
100m Isabel van den Berg
80%
400m Madelief van Leur
80%
Kogelstoten Melissa Boekelman
80%
100m Naomi Amanda Sedney
80%
5000m, 3000m Steeple Chase Veerle Bakker
80%
100m, 400m, 100m Horden Zoë Sedney
80%
400m Horden Abigail Noruwa
60%
400m Andrea Bouma
60%
400m, 400m Horden Anne van de Wiel
60%
Kogelslingeren Audrey Jacobs
60%
Speerwerpen Dewi Lafontaine
60%
Meerkamp Jip de Greef
60%
Kogelslingeren Lotte Smink
60%
Meerkamp Marijke Esselink
60%
Meerkamp Myke van de Wiel
60%
400m, 400m Horden Nina Franke
60%
Discuswerpen, Kogelstoten Rutger Smith
60%
110m Horden Joas van Hellemondt
40%
400m Jochem Dobber
40%
100m Jozuah Revierre
40%
400m Keenan Blake
40%
Hink-Stap-Springen Kellynsia Leerdam
40%
100m, 200m Nelli Fiere-Cooman
40%
400m Nout Wardenburg
40%
Meerkamp Rafael Raap
40%
Hoogspringen Ridzerd Punt
40%
100m Daniljo Vriendwijk
20%
Verspringen Emiel Mellaard
20%
Discuswerpen, Kogelstoten Erik de Bruin
20%
100m Jafrailyson Acton
20%
Meerkamp Lauri Hulleman
20%
3000m Steeple Chase Nick Marsman
20%
Meerkamp Owen Beuckens
20%
110 Horden Robin Korving
20%
100m, 200m Solomon Bockarie
20%
Speerwerpen Thomas van Ophem
20%
Speerwerpen Tom Egbers
20%
100m, 200m Troy Douglas
20%
Verspringen Ignisious Gaisah
0%
No matching quizzes found
Score Distribution
Percent of People with Each Score
Percentile by Number Answered
Your Score History
You have not taken this quiz